| 000 | 00532cam a2200217 4500 | ||
|---|---|---|---|
| 001 | B1030 | ||
| 008 | 090401t1981 xxu||||| |||| 00| 0 eng d | ||
| 035 | _a(Sirsi) u42282 | ||
| 041 | _aeng | ||
| 050 | _a333.330942393 | ||
| 110 |
_aAlonzo Dawes and Hoddell _91901 |
||
| 245 | _aAnnual review. - January 1981 | ||
| 260 |
_aBristol _bAlonzo Dawes and Hoddell _c1981 |
||
| 300 | _a16p. : ill. ; 22cm. | ||
| 350 | _a0 | ||
| 650 | _aAVON | ||
| 650 | _aBRISTOL | ||
| 650 | _aPROPERTY MARKET | ||
| 942 | _n0 | ||
| 948 | _c04/03/1997 | ||
| 999 |
_c91060 _d91060 |
||